2022 Brownlow Medal - Every player who got a vote - Statistics

General Stats
  • This quiz has been taken 6 times
  • The average score is 50 of 207
Answer Stats
# of Votes Team Answer % Correct
5 Fremantle Caleb Serong
100%
24 Melbourne Christian Petracca
100%
25 Melbourne Clayton Oliver
100%
4 Collingwood Josh Daicos
100%
28 Brisbane Lachie Neale
100%
11 Collingwood Nick Daicos
100%
29 Carlton Patrick Cripps
100%
25 Fremantle Andrew Brayshaw
67%
7 Melbourne Angus Brayshaw
67%
3 Brisbane Charlie Cameron
67%
13 Port Adelaide Connor Rozee
67%
3 Port Adelaide Dan Houston
67%
4 Collingwood Darcy Cameron
67%
2 Richmond Dustin Martin
67%
1 Hawthorn Dylan Moore
67%
3 Collingwood Jack Ginnivan
67%
13 St Kilda Jack Steele
67%
7 Hawthorn James Sicily
67%
19 Geelong Jeremy Cameron
67%
4 Geelong Joel Selwood
67%
8 Adelaide Jordan Dawson
67%
1 Adelaide Josh Rachele
67%
2 Sydney Justin McInerney
67%
8 Sydney Lance ' Buddy' Franklin
67%
4 Gold Coast Matt Rowell
67%
2 Essendon Nic Martin
67%
14 Gold Coast Noah Anderson
67%
13 Port Adelaide Ollie Wines
67%
6 Geelong Patrick Dangerfield
67%
3 Collingwood Steele Sidebottom
67%
4 GWS Tom Green
67%
8 Geelong Tom Hawkins
67%
9 Geelong Tom Stewart
67%
27 Gold Coast Touk Miller
67%
10 Port Adelaide Travis Boak
67%
3 Port Adelaide Zak Butters
67%
5 Carlton Adam Cerra
33%
6 Western Bulldogs Adam Treloar
33%
10 Western Bulldogs Bailey Smith
33%
2 St Kilda Ben Long
33%
4 St Kilda Brad Hill
33%
5 Gold Coast Brandon Ellis
33%
1 Collingwood Brodie Grundy
33%
1 Adelaide Brodie Smith
33%
3 GWS Callum M. Brown
33%
21 Sydney Callum Mills
33%
13 Geelong Cameron Guthrie
33%
3 North Melbourne Cameron Zurhaar
33%
12 Sydney Chad Warner
33%
11 Carlton Charlie Curnow
33%
4 Fremantle David Mundy
33%
5 Brisbane Dayne Zorko
33%
19 Richmond Dion Prestia
33%
4 Essendon Dylan Shiel
33%
3 Sydney Errol Gulden
33%
7 Carlton Harry McKay
33%
14 Brisbane Hugh McCluggage
33%
7 Sydney Isaac Heeney
33%
5 Geelong Isaac Smith
33%
2 Gold Coast Izak Rankine
33%
11 Collingwood Jack Crisp
33%
1 St Kilda Jack Hayes
33%
11 Western Bulldogs Jack Macrae
33%
1 Richmond Jack Riewoldt
33%
9 St Kilda Jack Sinclair
33%
7 Melbourne Jack Viney
33%
4 North Melbourne Jack Ziebell
33%
11 Hawthorn Jai Newcombe
33%
2 Melbourne James Harmes
33%
2 Brisbane Jarrod Berry
33%
6 Richmond Jayden Short
33%
1 Fremantle Jordan Clark
33%
10 Collingwood Jordan De Goey
33%
13 GWS Josh Kelly
33%
3 Hawthorn Luke Breust
33%
2 Melbourne Luke Jackson
33%
2 North Melbourne Luke McDonald
33%
16 Sydney Luke Parker
33%
3 Fremantle Luke Ryan
33%
10 Western Bulldogs Marcus Bontempelli
33%
9 Geelong Mark Blicavs
33%
12 Melbourne Max Gawn
33%
6 St Kilda Max King
33%
7 Fremantle Rory Lobb
33%
2 Adelaide Sam Berry
33%
9 Carlton Sam Docherty
33%
14 Carlton Sam Walsh
33%
2 Collingwood Scott Pendlebury
33%
6 Fremantle Sean Darcy
33%
12 Richmond Shai Bolton
33%
4 GWS Stephen Coniglio
33%
14 Adelaide Taylor Walker
33%
6 Western Bulldogs Tim English
33%
3 West Coast Tim Kelly
33%
3 GWS Toby Greene
33%
3 Richmond Toby Nankervis
33%
2 Sydney Tom McCartin
33%
2 Melbourne Tom McDonald
33%
9 Hawthorn Tom Mitchell
33%
5 Sydney Tom Papley
33%
5 Richmond Trent Cotchin
33%
11 Fremantle Will Brodie
33%
1 West Coast Willie Rioli
33%
5 Brisbane Zac Bailey
33%
17 Essendon Zach Merrett
33%
5 Geelong Zach Tuohy
33%
1 Carlton Zac Williams
33%
6 Western Bulldogs Aaron Naughton
0%
3 Carlton Adam Saad
0%
1 Fremantle Alex Pearce
0%
1 Gold Coast Alex Sexton
0%
1 West Coast Andrew Gaff
0%
3 Western Bulldogs Bailey Dale
0%
1 North Melbourne Bailey Scott
0%
1 Gold Coast Ben Ainsworth
0%
11 Adelaide Ben Keays
0%
3 Fremantle Blake Acres
0%
10 St Kilda Brad Crouch
0%
3 Gold Coast Brayden Fiorini
0%
3 Collingwood Brody Mihocek
0%
1 GWS Callan Ward
0%
4 Brisbane Cameron Rayner
0%
6 Hawthorn Changkuoth Jiath
0%
1 Port Adelaide Charlie Dixon
0%
2 Gold Coast Connor Budarick
0%
1 St Kilda Dan Butler
0%
3 St Kilda Dan Hannebery
0%
2 Brisbane Daniel McStay
0%
2 Adelaide Darcy Fogarty
0%
6 Essendon Darcy Parish
0%
5 Gold Coast David Swallow
0%
7 Melbourne Ed Langdon
0%
4 Carlton George Hewett
0%
5 GWS Harry Himmelberg
0%
5 Fremantle Hayden Young
0%
2 North Melbourne Hugh Greenwood
0%
1 GWS Isaac Cumming
0%
2 West Coast Jack Darling
0%
2 Richmond Jack Graham
0%
3 Hawthorn Jack Gunston
0%
7 St Kilda Jack Higgins
0%
5 St Kilda Jade Gresham
0%
2 Hawthorn Jaeger O'Meara
0%
1 Melbourne Jake Lever
0%
1 Sydney Jake Lloyd
0%
1 Melbourne Jake Melksham
0%
2 Essendon Jake Stringer
0%
2 Western Bulldogs Jamarra Ugle-Hagan
0%
3 Fremantle James Aish
0%
1 GWS James Peatling
0%
3 Collingwood Jamie Elliott
0%
4 Gold Coast Jarrod Witts
0%
7 Brisbane Jarryd Lyons
0%
1 Port Adelaide Jeremy Finlayson
0%
2 West Coast Jeremy McGovern
0%
5 GWS Jesse Hogan
0%
1 Essendon Jordan Ridley
0%
3 | 14 Western Bulldogs Josh Dunkley
0%
6 West Coast Josh Kennedy
0%
6 North Melbourne Jy Simpkin
0%
15 Port Adelaide Karl Amon
0%
1 Brisbane Keidean Coleman
0%
4 Melbourne Kysaiah Pickett
0%
6 Fremantle Lachie Schultz
0%
4 Gold Coast Lachie Weller
0%
2 GWS Lachie Whitfield
0%
6 Richmond Liam Baker
0%
1 Brisbane Lincoln McCarthy
0%
8 North Melbourne Luke Davies-Uniacke
0%
3 Gold Coast Mabior Chol
0%
2 Richmond Marlion Pickett
0%
1 Collingwood Mason Cox
0%
5 Essendon Mason Redman
0%
2 St Kilda Mason Wood
0%
4 Carlton Matthew Kennedy
0%
3 Fremantle Matthew Taberner
0%
2 Geelong Max Holmes
0%
4 Geelong Mitch Duncan
0%
3 Hawthorn Mitchell Lewis
0%
1 Richmond Nathan Broad
0%
1 Essendon Nick Hind
0%
5 North Melbourne Nick Larkey
0%
2 Carlton Nic Newman
0%
2 Richmond Noah Balta
0%
1 Collingwood Oliver Henry
0%
4 St Kilda Paddy Ryder
0%
4 Collingwood Patrick Lipinski
0%
4 Sydney Peter Ladhams
0%
8 Essendon Peter Wright
0%
2 Adelaide Reilly O'Brien
0%
2 Brisbane Rhys Mathieson
0%
10 Adelaide Rory Laird
0%
3 St Kilda Rowan Marshall
0%
1 Essendon Sam Draper
0%
2 Geelong Sam Menegola
0%
11 Port Adelaide Sam Powell-Pepper
0%
2 Sydney Sam Reid
0%
1 GWS Sam Taylor
0%
1 St Kilda Seb Ross
0%
1 GWS Tanner Bruhn
0%
2 Collingwood Taylor Adams
0%
1 St Kilda Tim Membrey
0%
6 GWS Tim Taranto
0%
3 Port Adelaide Todd Marshall
0%
14 Richmond Tom Lynch
0%
6 Geelong Tyson Stengle
0%
No matching quizzes found
Score Distribution
Percent of People with Each Score
Percentile by Number Answered
Your Score History
You have not taken this quiz